Nghiên cứu chiết tách chất azadirachtin từ hạt Neem để ứng dụng làm thuốc trừ sauu sinh học

Xây dựng quy trình chiết tách có hiệu quả azadirachtin từ nhân của hạt neem, đánh giá độ bền của azadirachtin để từ đó ứng dụng làm thuốc trừ sâu sinh học cho cây trồng ăn lá.

Saved in:
Bibliographic Details
Main Author: Nguyễn Thị Cẩm An
Other Authors: Nguyễn Bá Trung PGS.TS. (Hướng dẫn)
Format: Book
Language:Vietnamese
Published: Đà Nẵng Trường Đại học sư phạm Đà Nẵng 2017
Subjects:
Tags: Add Tag
No Tags, Be the first to tag this record!
Institutions: Mạng thư viện Đại học Đà Nẵng
LEADER 01836nam a2200373 4500
001 000025239
003 21732
005 20170911110921.0
008 170911s2017 viesd
041 |a vie 
082 1 4 |a 668.654  |b NG-A 
100 1 |a Nguyễn Thị Cẩm An 
245 1 |a Nghiên cứu chiết tách chất azadirachtin từ hạt Neem để ứng dụng làm thuốc trừ sauu sinh học  |c Nguyễn Thị Cẩm An ; Nguyễn Bá Trung hướng dẫn.  |k Luận văn Thạc sĩ 
260 |a Đà Nẵng  |b Trường Đại học sư phạm Đà Nẵng  |c 2017 
300 |a 53 tr., phụ lục 7 tr.  |b hình mh.  |c 29 cm.  |e Tóm tắt 
500 |a Luận văn thạc sĩ Khoa học. Chuyên ngành: Hóa hữu cơ. Mã số: 60.44.01.14 
520 3 |a Xây dựng quy trình chiết tách có hiệu quả azadirachtin từ nhân của hạt neem, đánh giá độ bền của azadirachtin để từ đó ứng dụng làm thuốc trừ sâu sinh học cho cây trồng ăn lá. 
650 0 4 |a Cây hạt Neem (họ Xoan)  |v Luận văn tốt nghiệp  |x Ứng dụng làm thuốc trừ sâu sinh học  |x Nghiên cứu chiết tách 
653 |a Azadirachtin 
653 |a Cây hạt Neem 
653 |a Thuốc trừ sâu sinh học 
653 |a Hóa hữu cơ 
653 |a Họ Xoan 
700 1 |a Nguyễn Bá Trung  |c PGS.TS.  |e Hướng dẫn 
OWN |a LSP 
AVA |a UDN50  |b LSP  |d 668.654 NG-A  |e available  |t Error 5001 Not defined in file expand_doc_bib_avail.  |f 1  |g 0  |h N  |i 0  |k 1 
999 |a From the UDN01 
AVA |a UDN50  |b LSP  |d 668.654 NG-A  |e available  |t Error 5001 Not defined in file expand_doc_bib_avail.  |f 1  |g 0  |h N  |i 0  |k 1 
TYP |a Monograph 
TYP |a Printed language 
980 |a Mạng thư viện Đại học Đà Nẵng